000
00334nam a2200169Ia 4500
100
_a
Sierra/kathy/ Bates/Best
650
_a
Java
250
_a
2
942
_c
BK
366
_f
20
654
_a
java
245
_a
Head first java
260
_b
Orielly
_c
2008
082
_a
005.133 J/SIE
_b
SIE
546
_a
ENGLISH
999
_c
29811
_d
29811